000 00628nam a2200205Ia 4500
003 GCL
008 140319s9999 xx 000 0 ara d
040 _aGCL /
_cGCL
082 0 4 _a212.1
_bغ ص
100 1 _aمحمد عبدالقادر عطا
245 1 0 _aصفة النفاق وذم المنافقين /
_cمحمد عبدالقادر عطا
700 1 _aالغريانى , ابو بكر
260 _a[S.N] :
_bدار الكتب ،
_c1985
300 _a69 ص
490 _a
650 0 4 _aالاسلام
650 0 4 _aالاخلاق الاسلامية
650 0 4 _aالاداب الاسلامية
942 _2ddc
_cBK
999 _c51282
_d51282